| 000 -CABECERA |
| Longitud fija campo de control |
00557nam a2200193 u 4500 |
| 001 - NÚMERO DE CONTROL |
| Número de control |
991061085776706706 |
| 003 - IDENTIFICADOR DEL NÚMERO DE CONTROL |
| Identificador del número de control |
OSt |
| 005 - FECHA Y HORA DE LA ÚLTIMA TRANSACCIÓN |
| Fecha y hora de la última transacción |
20240130123847.0 |
| 008 - CÓDIGOS DE INFORMACIÓN DE LONGITUD FIJA |
| Códigos de información de longitud fija |
s2021 xx r 000 0 cat d |
| 020 ## - NÚMERO INTERNACIONAL NORMALIZADO PARA LIBROS |
| Número Internacional Normalizado para Libros (ISBN) |
9788413035093 |
| 040 ## - FUENTE DE LA CATALOGACIÓN |
| Centro catalogador de origen |
CDMR |
| Lengua de catalogación |
cat |
| Centro transcriptor |
CDMR |
| 100 ## - PUNTO DE ACCESO PRINCIPAL-NOMBRE DE PERSONA |
| Nombre de persona |
Cal, Juan |
| 9 (RLIN) |
4921 |
| 245 ## - MENCIÓN DE TÍTULO |
| Título |
Els millors anys |
| Resto del título |
: La meva vida en el periodisme, 1982-2020 |
| Mención de responsabilidad, etc. |
/ Juan Cal |
| 260 ## - PUBLICACIÓN, DISTRIBUCIÓN, ETC. (PIE DE IMPRENTA) |
| Lugar de publicación, distribución, etc. |
Lleida : |
| Nombre del editor, distribuidor, etc. |
Pagès editors, |
| Fecha de publicación, distribución, etc. |
2023 |
| 300 ## - DESCRIPCIÓN FÍSICA |
| Extensión |
314 pàgines |
| 600 #0 - PUNTO DE ACCESO ADICIONAL DE MATERIA - NOMBRE DE PERSONA |
| 9 (RLIN) |
4921 |
| Nombre de persona |
Cal, Juan |
| 610 20 - PUNTO DE ACCESO ADICIONAL DE MATERIA - NOMBRE DE ENTIDAD CORPORATIVA |
| 9 (RLIN) |
62 |
| Nombre de entidad corporativa o nombre de jurisdicción como elemento inicial |
Diari Segre |
| Subdivisió,n de materia general |
Història |
| Subdivisión cronológica |
1982-2020 |
| 942 ## - ENTRADA DE ELEMENTOS AGREGADOS (KOHA) |
| Fuente de clasificaión o esquema |
|
| Koha [por defecto] tipo de item |
Monografies |